• 首页
  • 本馆介绍
  • 公告通知
  • 最新文献
  • 馆藏检索
  • 电子资源
  • 读者导购
  • 参考咨询
  • 我的图书馆
  • 登录
  • 详细信息显示
  • 放入我的书架
  • 预约/预借图书
  • 作者相关作品
  • 分类相关作品
  • 丛书相关作品
  • 出版社相关作品

书目信息

  • 表格格式
  • 工作单格式
  • 卡片格式
题名:
中国出版史话
    
 
作者: 方厚枢 著
分册:  
出版信息: 北京   东方出版社  1996.08
页数: 426页
开本: 21cm
丛书名:
单 册:
中图分类: G239.29
科图分类:
主题词: 出版工作--中国--文化史
电子资源:
ISBN: 7-5060-0694-4
000 00546nam0 2200193 45
001 0004201615
005 20040427154843.4
010    @a7-5060-0694-4@dCNY22.00
100    @a20000420d1996 km y0chiy0120 ea
101 0  @achi
105    @a z 000yy
200 1  @a中国出版史话@AZhong Guo Chu Ban Shi Hua@f方厚枢著@FFang Hou Shu Zhu
210    @a北京@c东方出版社@d1996.08
215    @a426页@d21cm
606 0  @a出版工作@y中国@x文化史
690    @aG239.29@v1
701  0 @a方厚枢@4著
801    @aCN@bTSTC@c20000420
905    @dG239.29@e23@f4@b288005-008
    
    中国出版史话/方厚枢著.-北京:东方出版社,1996.08
    426页;21cm
    
    
    ISBN 7-5060-0694-4:CNY22.00
    
●
相关链接 在E读中查询图书 在五车中查询图书 在当当中查询图书 在豆瓣中查询图书


正题名:中国出版史话     索取号:G239.29/23         预约/预借

序号 登录号 条形码 馆藏地/架位号 状态 备注
1 0274239   000498483   第一样本阅览室/ [索取号:G239.29/23] 在馆    
2 0288005   002880056   密集书库/ [索取号:G239.29/23] 在馆    
3 0288006   002880065   密集书库/ [索取号:G239.29/23] 在馆    
4 0288007   002880074   密集书库/ [索取号:G239.29/23] 在馆    
5 0288008   002880083   密集书库/ [索取号:G239.29/23] 在馆    
唐山师范学院图书馆 欢迎您!
大连网信软件有限公司© 版权所有